00816cam a2200241u 45000010008000000030004000080050017000120080041000290100017000700400019000870430012001060500017001180820016001351100091001512450050002422600043002923000018003356510054003539060045004079420012004529990015004649520095004797517352OSt20230621164101.0821206s1961 enk 000 0 eng  a 64028359  aDLCcCarPdDLC ab------00aJN248b.A526 a328.42bBAI1 aGreat Britain.bCentral Office of Information.bReference Division. [from old catalog]10aParliamentary government in the Commonwealth. aLondon,bH. M. Stationery Off.,c1961. a17 p.c24 cm. 0aCommonwealth of NationsxPolitics and government. a0bcbccpremunvduencipf19gy-gencatlg 2ddccBK c2310d2310 00102ddc4070a002b002d2023-06-21l0o328.42 BAIp10000234r2023-06-21w2023-06-21yBK